000 00478nam a22001697a 4500
005 20260305102226.0
008 260305b |||||||| |||| 00| 0 eng d
020 _a9780521122214 (pbk)
040 _cPK-LaUMT
082 _a612.399
_bBEN-N
100 _aBender, David A.
_99608
245 _aNutritional biochemistry of the vitamins /
_cby David A. Bender
250 _a2nd ed.
260 _aCambridge :
_bCambridge University Press,
_c2003
300 _a488 p.
942 _cBK
999 _c139977
_d139977